00205nam a2200085Ia 450000100070000000500170000700800410002424500250006526000290009068822920250826161611.0250824s9999 xx 000 0 und d 0aEYLÜLcMEHMET RAUF bKİTAP ZAMANI YAYINLARI